00941nam a22002657a 4500003000900000005001700009008004100026020001800067040004300085082002000128100005500148245007700203264004500280300002300325336002600348337002800374338002700402650003500429651001000464653002300474655002400497942001200521999001700533952012500550EG-ScBUE20220223110428.0120712n19uu flu f 000 d eng d a9781407649122 aEG-ScBUEbengerdacEG-ScBUEdEG-ScBUE04222a839.72bSTR1 930448aStrindberg, August,‏d1849-1912,eauthor.10aPlays :pComrades, Facing Death, Pariah, Easter /cby August Strindberg. 1aMiami :bHard Press Publishing,c[19--?] a169 pages ;c20 cm 2rdacontentatextbtxt 2rdamediaaunmediatedbn 2rdacarrieravolumebnc 7930594aDrama zSwedish.2BUEsh 2BUEsh cJuly2012bHHUUEENN vReading book934232 2ddccBB c16869d16869 00102ddc40708 aMAINbMAINc2NDd2012-07-12epurchasel0o839.72 STRp000026926r2025-07-15 00:00:00w2012-07-12yBB